An Open Elite in Hungary?

Titel: An Open Elite in Hungary? : High Office Holders in the 18th Century / Tünde Cserpes and István M. Szijártó
Verfasser: ;
In: Journal of social history, Band 48, Heft 1 (2014 (2015)), Seite 156-174
alle Artikel anzeigen
Veröffentlicht: 2014 (2015)
Umfang: 5 Illustrationen
Format: Aufsatz
Sprache: Englisch
Schlagworte:
Kein Bild verfügbar
X
alg: 41644187
001A    $03025:08-09-17 
001B    $01999:18-07-19 $t22:42:30.000 
001C    $03025:08-09-17 $t09:23:17.000 
001D    $03025:08-09-17 
001U    $0utf8 
001X    $00 
002@    $0Oou 
002C    $aText $btxt $2rdacontent 
002D    $aComputermedien $bc $2rdamedia 
002E    $aOnline-Ressource $bcr $2rdacarrier 
003@    $0416441874 
007A    $0416441874 $aHEB 
009Q    $uhttps://muse.jhu.edu/article/553817 $xH 
010@    $aeng 
010E    $erda 
011@    $a2015 $n2014 (2015) 
021A    $aAn @Open Elite in Hungary? $dHigh Office Holders in the 18th Century $hTünde Cserpes and István M. Szijártó 
028A    $BVerfasser $#Cserpes, T. $4aut $71139496352 $8Cserpes, Tünde [Tp3] $9416441858 
028C    $BVerfasser $#Szijártó, István $#Szijártó, M. István $4aut $71060815737 $8Szijártó, István M.$Z1965- [Tp3] $9349884935 
031A    $d48 $e1 $h156-174 $j2014 (2015) 
034M    $a5 Illustrationen 
039B    $aEnthalten in $8--Obvc--. Journal of social history. - Oxford : Oxford University Press, 1967-. - Online-Ressource. - ISSN 1527-1897 $x201400000480001844 $9092463754 
044K    $RÖsterreich-Ungarn $#Ungarn $#Ungarn $#Ungarische Räterepublik $#Königreich Ungarn $#Die @Länder der ungarischen Krone $#Transleithanien $#Magyarország $#Magyar Köztársaság $#Magyar Tanácsköztársaság $#Government of the Hungarian Republic $#Zemalja Ugarske Krune $#VNR $#Ungern $#Ungarische Republik $#Republik Ungarn $#Ungarische Volksrepublik $#Volksrepublik Ungarn $#Magyar Népköztársaság $#Hungary $#Hungarian Republic $#Hongrie $#Vengerskaja Narodnaja Respublika $#Hungarian People's Republic $#HPR Hungarian People's Republic $#République Populaire Hongroise $#Ungarische VR $#Republic of Hungary $#Vengrija $74078541-5 $8Ungarn [Tgz] $9085222712 
044K    $ROberschicht $RWeiblicher Adel $RAristokratie $#Nobility $#Noblesse $#Nobiltà $#Nobleza $#Adel $#Adel $#Junker $#Junkertum $#Adliger $#Adeliger $#Adlige $#Uradel $74000464-8 $8Adel [Ts1] $9084991682 
044K    $RElite $RPolitiker $RPolitische Führung $#Political leadership $#Classes dirigeantes $#herrschende Klasse $#politische Elite $#Herrschaftselite $#Machtelite $#Politische Führungsschicht $#Politische Klasse $#Herrschende Klasse $#Elite Politik $#Politische Eliten $74076219-1 $8Politische Elite [Ts1] $9085216089 
045R    $aGeschichte 1700-1800 
045T    $aROM $qDE-5 $2FID 
045T    $aROM $qDE-18 $2FID 

lok: 41644187 78

exp: 41644187 78 1 #EPN
201B/01 $008-09-17 $t09:19:34.000 
201C/01 $008-09-17 
201U/01 $0utf8 
203@/01 $01006816283 
208@/01 $a08-09-17 $be 
209A/01 $a/ $f000 $x00 
209A/01 $ab*p $x01 
220C/01 $apgar 
244Z/01 $#Ungarn $#Ungarn $#Ungarische Räterepublik $#Königreich Ungarn $#Die @Länder der ungarischen Krone $#Transleithanien $#Magyarország $#Magyar Köztársaság $#Magyar Tanácsköztársaság $#Government of the Hungarian Republic $#Zemalja Ugarske Krune $#VNR $#Ungern $#Ungarische Republik $#Republik Ungarn $#Ungarische Volksrepublik $#Volksrepublik Ungarn $#Magyar Népköztársaság $#Hungary $#Hungarian Republic $#Hongrie $#Vengerskaja Narodnaja Respublika $#Hungarian People's Republic $#HPR Hungarian People's Republic $#République Populaire Hongroise $#Ungarische VR $#Republic of Hungary $#Vengrija $74078541-5 $8--Tgz--Ungarn $x01 $9085222712 
244Z/01 $#Slowakei $#Slowakei $#Slowakische Republik $#Oberungarn $#Slovensko $#Slovenská Republika $#Slovenská SR $#SSR $#Slovakia $#Slovaquie $#Slovak Republic $#République Slovaque $#Slovenská Socialistická Republika $#Slowakische Sozialistische Republik $#Slovak Socialist Republic $#République Socialiste Slovaque $74055297-4 $8--Tg1--Slowakei $x02 $9085153834 
247C/01 $82080>Marburg/Lahn, Herder-Institut, Forschungsbibliothek, Bibliographieportal $9336309341
LEADER 00000caa a2200000 c 4500
001 416441874
003 DE-603
005 20190718224230.0
007 cr||||||||||||
008 170908s2015 xx |||| o| u00||u|eng c
035 |a (DE-599)HEB416441874 
040 |a DE-603  |b ger  |c DE-603  |d DE-603  |e rda 
041 |a eng 
084 |a ROM  |q DE-5  |2 fid 
084 |a ROM  |q DE-18  |2 fid 
100 1 |a Cserpes, Tünde  |e Verfasser  |4 aut  |0 (DE-603)416441858  |0 (DE-588)1139496352  |2 gnd 
245 0 0 |a ˜Anœ Open Elite in Hungary?  |b High Office Holders in the 18th Century  |c Tünde Cserpes and István M. Szijártó 
264 0 |c 2014 (2015) 
300 |b 5 Illustrationen 
336 |a Text  |b txt  |2 rdacontent 
337 |a Computermedien  |b c  |2 rdamedia 
338 |a Online-Ressource  |b cr  |2 rdacarrier 
648 7 |a Geschichte 1700-1800  |2 gnd 
650 7 |a Adel  |0 (DE-588)4000464-8  |0 (DE-603)084991682  |2 gnd 
650 7 |a Politische Elite  |0 (DE-588)4076219-1  |0 (DE-603)085216089  |2 gnd 
651 7 |a Ungarn  |0 (DE-588)4078541-5  |0 (DE-603)085222712  |2 gnd 
700 1 |a Szijártó, István M.  |d 1965-  |e Verfasser  |4 aut  |0 (DE-603)349884935  |0 (DE-588)1060815737  |2 gnd 
773 0 8 |i Enthalten in  |t Journal of social history  |d Oxford : Oxford University Press, 1967-  |h Online-Ressource  |x 1527-1897  |g Band 48, Heft 1 (2014 (2015)), Seite 156-174  |w (DE-603)092463754  |w (DE-600)2007084-6 
856 |u https://muse.jhu.edu/article/553817  |x Verlag 
924 1 |9 2080  |a (DE-603)1006816283  |b DE-2080  |c HES  |d d  |g /